Normal view
MARC view
- American Institute of Aeronautics and Astronautics
Entry Corporate Name
001 - CONTROL NUMBER
- control field: 82742
003 - CONTROL NUMBER IDENTIFIER
- control field: NUST
005 - DATE AND TIME OF LATEST TRANSACTION
- control field: 20210924150925.0
008 - FIXED-LENGTH DATA ELEMENTS
- fixed length control field: 210924|| aca||aabn | a|a d
040 ## - CATALOGING SOURCE
- Original cataloging agency: NUST
- Transcribing agency: NUST
110 ## - HEADING--CORPORATE NAME
- Corporate name or jurisdiction name as entry element: American Institute of Aeronautics and Astronautics
670 ## - SOURCE DATA FOUND
- Source citation: Work cat.: (NUST)32477: Fundamentals and applications of modern flow control /, c2009.
